Ricostruisci la Carriera del Calciatore - Filip Kostić - Statistics

Statistiche generali
  • Questo quiz è stato fatto 11 volte
  • Il punteggio medio è 4 su 6
Statistiche sulle risposte
Hint Risposta % Corretto
2022- Juventus
88%
2016-2018 Amburgo
75%
2018-2022 Eintracht Francoforte
75%
2010-2012 Radnički Kragujevac
75%
2012-2014 Groningen
63%
2014-2016 Stoccarda
63%
Nessun quiz corrispondente trovato
Distribuzione punteggi
Percentuale di utenti per punteggio
Percentile per numero di risposta
I tuoi punteggi nel tempo
Non hai fatto questo quiz